Pathfinder CDS entrance examination Combined Defence Services conducted by Union Public Service Commission / (Record no. 75689)

MARC details
000 -LEADER
fixed length control field 01061nam a22002777a 4500
005 - DATE AND TIME OF LATEST TRANSACTION
control field 20180608172110.0
008 - FIXED-LENGTH DATA ELEMENTS--GENERAL INFORMATION
fixed length control field 090417s2009 ii 000 0 eng
010 ## - LCCN (DPL NO)
LC control number B-515150-151
020 ## - INTERNATIONAL STANDARD BOOK NUMBER
International Standard Book Number 9788183481595
Terms of availability 575.00
020 ## - INTERNATIONAL STANDARD BOOK NUMBER
International Standard Book Number 8183481590
035 ## - SYSTEM CONTROL NUMBER
System control number B-515150-151,B-492645
037 ## - SOURCE OF ACQUISITION
Stock number KKP/Ven
040 ## - CATALOGING SOURCE
Original cataloging agency dpl
Language of cataloging English
082 ## - DEWEY DECIMAL CLASSIFICATION NUMBER
Classification number 000
245 ## - TITLE STATEMENT
Title Pathfinder CDS entrance examination Combined Defence Services conducted by Union Public Service Commission /
Statement of responsibility, etc by Sanjeev Jain [et. al...]
246 ## - VARYING FORM OF TITLE
Title proper/short title Pathfinder CDS entrance examination
260 ## - PUBLICATION, DISTRIBUTION, ETC. (IMPRINT)
Place of publication, distribution, etc Meerut
Name of publisher, distributor, etc Arihant Prakashan
Date of publication, distribution, etc 201?
270 ## - ADDRESS
Address Kalindi, TP Nagar,
City Meerut
300 ## - PHYSICAL DESCRIPTION
Extent 979
Dimensions 30cm(pbk)
490 ## - SERIES STATEMENT
Series statement CDSE study skills
500 ## - GENERAL NOTE
General note More than 8000 objective questions
650 ## - SUBJECT ADDED ENTRY--TOPICAL TERM
Topical term or geographic name as entry element Combine Defence Services Examination
700 ## - ADDED ENTRY--PERSONAL NAME
Personal name Jain, Sanjeev
942 ## - ADDED ENTRY ELEMENTS (KOHA)
Source of classification or shelving scheme Dewey Decimal Classification
Item type English Books
Call number suffix PAT
Classification part 000
Holdings
Withdrawn status Lost status Source of classification or shelving scheme Damaged status Not for loan Collection code Home library Current library Date acquired Source of acquisition Cost, normal purchase price Total Checkouts Full call number Barcode Date last seen Copy number Cost, replacement price Koha item type Total Renewals
  Lost and Paid For Dewey Decimal Classification     Non-fiction Sarojini Nagar Sarojini Nagar 22/05/2013 KKP/BL3031/23.3.13/172/23.3.13/25.3.13 575.00   000 PAT B-515150 22/05/2013 1 575.00 English Books  
    Dewey Decimal Classification     Non-fiction Shahdara Branch Shahdara Branch 08/06/2018 BPPD/PUB 575.00 7 000 PAT B-492645 18/03/2021   575.00 English Books 9
    Dewey Decimal Classification   Not For Loan Reference South Zone Lib (REF) South Zone Lib (REF) 22/05/2013 KKP/BL3031/23.3.13/172/23.3.13/25.3.13 575.00   000 PAT B-515151 22/05/2013 1 575.00 English Books  

© Delhi Public Library
Hit Counter
free hit counter